000 00396nam a2200145Ia 4500
008 221030s9999 xx 000 0 und d
041 _aEnglish
082 _a105.23
_bDir
100 _aDirectory
245 0 _aElectronics for You : Asia`s Most Popular Electronics Directory Annula Guide 2000
260 _bEFY Enterprises Pvt. Ltd.
_aIndia
_c2000
300 _a358
650 _aECE
942 _cBK
999 _c2351
_d2351